00712 2200217 4500001002100000005001500021035002000036007000300056008004100059020001800100082001100118084001700129100002300146245005500169260004600224500016900270650002200439856001700461990000800478990000800486INLIS00000000000022820220309081200 a0010-0322000026ta220309 g 0 ind  a9789790260245 a297.63 a297.63 IMA u0 aIman Budhi Santosa1 aUsman Bin Affan :bLelaki Berselimutkan Dua Cahaya aYogyakarta :bPustaka Insan Madani,c2008 aUsman bin affan adalah salah satu diantaranya. bukannya menjadi loba dan berfoya-foya, semakin kaya usman justru semakin gemar berderma, khususnya untuk syiar islam 4aNabi Muhammad SAW aKoleksi Umum a614 a615